| 000 | 00420 a2200145 4500 | ||
|---|---|---|---|
| 001 | 73906 | ||
| 020 | _a853221799-0 | ||
| 040 | _cAnchieta - Colégio São Paulo | ||
| 100 | _abalbás, márcial Soto | ||
| 240 | 1 | 0 |
_aDicionário Espanhol- Português, Português - Espanhol _lpor |
| 245 | 1 | 0 | _aDicionário Espanhol- Português, Português - Espanhol |
| 300 | _a703 | ||
| 650 | 4 | _aObras enciclopédicas gerais | |
| 942 | _cBK | ||
| 999 |
_c73906 _d73906 |
||